000 00672nam a22002417a 4500
003 CHAP
005 20220817042634.0
008 971013s1976 r 00010 d
010 _a50670
011 _a51642
035 _a55792
040 _cCHAP
090 _aFolleto 5088 (1976)
245 _aVines & ivy in your home
260 _aBarrington, Ill. :
_bCountryside Books,
_c1976
300 _a48 p.
_b: ilus.
590 _aBATCH-UPD
_b10
_c20130110
_lUCH01
_h2042
590 _aCONVERSION
_b10
_c20130109
_lUCH01
_h1327
650 1 4 _aPlantas ornamentales.
901 _aBK
942 _cFOLL
949 _aFolleto 5088 (1976)
_bBC
_cFOLL
_d-122231
_eTS1
_i55792
_si
_t23.00
999 _c50670
_d50670